Gittins Indices and oil exploration.
Podrobná analýza dávnejšie skúmanej otázky, kedy sa stanú výsledky ťažby nafty natoľko zlými, že spôsobia zastavenie ťažby. Úloha sa rieši ako bayesovská sekvenčná rozhodovacia úloha s markovovskou štruktúrou. Optimálna stratégia vętania sa určí pomocou Gittingových indícií.
Guardado en:
| Autor principal: | |
|---|---|
| Otros Autores: | , |
| Formato: | Capítulo de libro |
| Lenguaje: | inglés |
| Materias: | |
| Etiquetas: |
Sin Etiquetas, Sea el primero en etiquetar este registro!
|
MARC
| LEADER | 00000naa a2200000 4500 | ||
|---|---|---|---|
| 001 | r009961 | ||
| 005 | 20221213085050.1 | ||
| 041 | 0 | |a eng | |
| 044 | |a GB | ||
| 245 | 1 | 0 | |a Gittins Indices and oil exploration. |c L. Benkherouf, K.D. Glazebrook, R.W. Owen |
| 520 | |a Podrobná analýza dávnejšie skúmanej otázky, kedy sa stanú výsledky ťažby nafty natoľko zlými, že spôsobia zastavenie ťažby. Úloha sa rieši ako bayesovská sekvenčná rozhodovacia úloha s markovovskou štruktúrou. Optimálna stratégia vętania sa určí pomocou Gittingových indícií. | ||
| 610 | 2 | 0 | |a ťažba surovín |
| 610 | 2 | 0 | |a nafta |
| 610 | 2 | 0 | |a metódy matematicko-štatistické |
| 610 | 2 | 0 | |a rozhodovanie |
| 610 | 2 | 0 | |a reťazce Markovove |
| 100 | 1 | |a Benkherouf, L. | |
| 700 | 1 | |a Glazebrook, K.D. | |
| 700 | 1 | |a Owen, R.W. | |